01125 2200361 4500001002100000005001500021035002000036007000300056008004100059020002200100040002200122082001400144084001600158090002000174090002200194100004100216245012200257250003500379300005200414650001300466700002900479700002100508700002800529850001200557041000800569504003200577264003600609336002100645337003000666338002300696999002200719990002200741INLIS00000000084503020190722090921 a0010-0319000553ta190328 2018 yoia g ind d a978-623-7033-86-2 aYOPDYOGbinderda04223a576.5 a576.5 RIN g aDEP 576.5 RIN g aCB-D.11 2018-10340 aRini Puspitaningrum,d1968-epenulis 0aGenetika molekuler dan aplikasinya /cpenulis, Rini Puspitaningrum, Chris Adhiyanto, Solihin; editor, Siti Gomo Attas aCetakan pertama: Desember 2018 aviii, 76 halaman :bilustrasi berwarna ;c23 cm 4aGenetika0 aChris Adhiyantoepenulis0 aSolihinepenulis0 aSiti Gomo Attaseeditor aYOPDYOG0 aind aBibliografi : halaman 71-7331aYogyakarta :bDeepublish,c2018 2rdacontentateks 2rdamediaatanpa perantara 2rdacarrieravolume aCB-D.11/2018-1034 aCB-D.11/2018-1034